Team of the season so far, Ligue 1 FIFA 20 - Statystyki

Ogólne statystyki
  • Ten quiz został rozwiązany 70 razy
  • Średni wynik to 11 z 23
Statystyki odpowiedzi
Pozycja Zawodnik % Poprawnych
N Kylian Mbappe
97%
LS Neymar Jr
95%
ŚO Thiago Silva
89%
N Wissam Ben Yedder
80%
ŚO Marquinhos
69%
ŚP Marco Veratti
68%
PS Angel Di Maria
66%
BR Steve Mandanda
58%
ŚN Memphis Depay
55%
ŚP Houssem Aouar
51%
PO Kenny Lala
51%
BR Predrag Rajkovic
37%
LO Hassane Kamara
34%
N Islam Slimani
31%
PS Youcef Atal
31%
ŚP Teji Savanier
28%
ŚP Idrissa Gueye
26%
ŚP Renato Sanches
26%
LS Dimitri Payet
23%
ŚP Benjamin Andre
17%
N Victor Osimhen
11%
ŚO Yunis Abdelhamid
11%
ŚO Gabriel
6%
Nie znaleziono quizów pasujących do podanych kryteriów
Rozkład punktacji
Procent ludzi z każdym wynikiem
Percentyl według liczby udzielonych odpowiedzi
Twoja historia wyników
Nie rozwiązałeś tego quizu